[Event "NAYCC U16"]
[Site "Montreal CAN"]
[Date "2010.08.16"]
[Round "1"]
[White "Cote-Lalumiere, Tristan"]
[Black "Kleinman, Michael"]
[Result "0-1"]
[WhiteElo "1608"]
[BlackElo "2206"]
[PlyCount "76"]
[EventDate "2010.08.16"]
[EventType "swiss"]
[EventRounds "7"]
[EventCountry "CAN"]

1. e4 c5 2. Nf3 d6 3. d4 cxd4 4. Nxd4 Nf6 5. Nc3 g6 6. Be2 Bg7 7. Be3 Nc6 8.
O-O O-O 9. Kh1 Nxd4 10. Bxd4 Be6 11. f4 Qc8 12. Bf3 Rd8 13. Rg1 Ng4 14. h3 Ne5
15. Nd5 Bxd5 16. Bxe5 Bxe4 17. Bxg7 Bxf3 18. Qxf3 Kxg7 19. c3 Qc6 20. Qe3 Re8
21. Rgf1 e5 22. f5 f6 23. h4 Qc4 24. Qh3 Rad8 25. g4 Qe4+ 26. Kg1 h5 27. g5
fxg5 28. hxg5 gxf5 29. Rxf5 Rf8 30. Rxf8 Rxf8 31. Qe6 Qe3+ 32. Kh1 Qf3+ 33. Kh2
Qf2+ 34. Kh1 Qh4+ 35. Kg1 Qxg5+ 36. Kh1 Qh4+ 37. Kg1 Rf6 38. Qe7+ Kh6 0-1

[Event "NAYCC U16"]
[Site "Montreal CAN"]
[Date "2010.08.16"]
[Round "1"]
[White "Fisher, William"]
[Black "Qin, Kai Long"]
[Result "1-0"]
[WhiteElo "2165"]
[BlackElo "1324"]
[PlyCount "55"]
[EventDate "2010.08.16"]
[EventType "swiss"]
[EventRounds "7"]
[EventCountry "CAN"]

1. d4 f5 2. e4 fxe4 3. Nc3 Nf6 4. Bg5 c6 5. Bxf6 exf6 6. Nxe4 d5 7. Ng3 Be7 8.
Bd3 g6 9. c3 Qd6 10. h4 f5 11. Qd2 Nd7 12. h5 f4 13. N3e2 g5 14. Nf3 h6 15.
Bg6+ Kd8 16. O-O-O Bf6 17. Rde1 Nf8 18. Ne5 Bxe5 19. dxe5 Qxe5 20. Nd4 Qg7 21.
Re8+ Kc7 22. Bf5 c5 23. Rhe1 Kb6 24. Bxc8 cxd4 25. R1e7 dxc3 26. Qxd5 cxb2+ 27.
Kb1 Qc3 28. Rxb7+ 1-0

[Event "NAYCC U16"]
[Site "Montreal CAN"]
[Date "2010.08.16"]
[Round "1"]
[White "Gusev, Nikita"]
[Black "Liu, Dan"]
[Result "1-0"]
[WhiteElo "2254"]
[BlackElo "1638"]
[PlyCount "55"]
[EventDate "2010.08.16"]
[EventType "swiss"]
[EventRounds "7"]
[EventCountry "CAN"]

1. e4 c6 2. d4 d5 3. Nc3 dxe4 4. Nxe4 Bf5 5. Ng3 Bg6 6. h4 h6 7. Nf3 Nd7 8. h5
Bh7 9. Bd3 Bxd3 10. Qxd3 e6 11. Be3 Qa5+ 12. Bd2 Qc7 13. c4 Ngf6 14. O-O-O Bd6
15. Ne2 O-O-O 16. Qc2 e5 17. c5 Be7 18. Qa4 Kb8 19. Nxe5 Nxe5 20. dxe5 Nd7 21.
Ba5 b6 22. cxb6 axb6 23. Qb3 Ka7 24. Bc3 Nxe5 25. f4 Nd3+ 26. Kb1 Nxf4 27. Qa4+
Kb7 28. Qxf4 1-0

[Event "NAYCC U16"]
[Site "Montreal CAN"]
[Date "2010.08.16"]
[Round "1"]
[White "Langlois-Remillard, Alexis"]
[Black "Hinson, Miles"]
[Result "0-1"]
[WhiteElo "1090"]
[BlackElo "2103"]
[PlyCount "80"]
[EventDate "2010.08.16"]
[EventType "swiss"]
[EventRounds "7"]
[EventCountry "CAN"]

1. c4 Nf6 2. g3 g6 3. Bg2 Bg7 4. Nc3 c5 5. Nf3 O-O 6. O-O Nc6 7. a3 d5 8. cxd5
Nxd5 9. Qc2 Nxc3 10. bxc3 Bf5 11. Qb2 Qc7 12. d4 Rfd8 13. dxc5 Qa5 14. Qxb7
Qxc5 15. Be3 Qd6 16. Rfd1 Qxd1+ 17. Rxd1 Rxd1+ 18. Bf1 Rad8 19. Kg2 Be4 20.
Bxa7 R8d7 21. Qb3 Rxa7 22. e3 Ne5 23. Be2 Bxf3+ 24. Bxf3 Nxf3 25. Kxf3 Ra1 26.
Qb4 R7xa3 27. Qxe7 Rxc3 28. h4 Rc8 29. Kg4 h5+ 30. Kf3 Rc6 31. g4 Rf6+ 32. Kg3
hxg4 33. Qe4 Rc1 34. Kxg4 Rxf2 35. Qd5 Rg1+ 36. Kh3 Rf5 37. Qe4 Be5 38. Qd5
Rg3+ 39. Kh2 Rh5 40. Qe4 Rg4+ 0-1

[Event "NAYCC U16"]
[Site "Montreal CAN"]
[Date "2010.08.16"]
[Round "1"]
[White "Ng, Andrew"]
[Black "Zhou, Joseph"]
[Result "1-0"]
[WhiteElo "2200"]
[BlackElo "1398"]
[PlyCount "41"]
[EventDate "2010.08.16"]
[EventType "swiss"]
[EventRounds "7"]
[EventCountry "CAN"]

1. e4 c5 2. Nf3 d6 3. d4 cxd4 4. Nxd4 Nf6 5. Nc3 Nc6 6. Bg5 e6 7. Qd2 h6 8. Be3
a6 9. f3 Bd7 10. g4 g5 11. O-O-O b5 12. a3 Rb8 13. Be2 Nxd4 14. Bxd4 Rg8 15. e5
dxe5 16. Bxe5 Rb7 17. Bd3 Bc6 18. Bxf6 Qxf6 19. Be4 Bxe4 20. Nxe4 Qe7 21. Qc3
1-0

[Event "NAYCC U16"]
[Site "Montreal CAN"]
[Date "2010.08.16"]
[Round "1"]
[White "Wu, Qiyou"]
[Black "Fikiet, Alex"]
[Result "0-1"]
[WhiteElo "1704"]
[BlackElo "2223"]
[PlyCount "116"]
[EventDate "2010.08.16"]
[EventType "swiss"]
[EventRounds "7"]
[EventCountry "CAN"]

1. e4 d6 2. d4 Nf6 3. Bd3 Nbd7 4. Nf3 e5 5. c3 Be7 6. O-O O-O 7. Nbd2 c6 8. Nc4
Qc7 9. Qc2 b5 10. Ne3 Re8 11. Nf5 Bf8 12. Bg5 Bb7 13. Rfe1 a6 14. a4 h6 15. Bh4
g6 16. Ne3 Nh5 17. Bf1 Bg7 18. dxe5 Nxe5 19. Nxe5 Bxe5 20. Ng4 Bg7 21. Bg3 Nxg3
22. hxg3 Re7 23. Rad1 Kh7 24. Qd3 Rd8 25. axb5 axb5 26. e5 d5 27. Nf6+ Kh8 28.
f4 Bc8 29. Qf3 Bxf6 30. exf6 Rxe1 31. Rxe1 Qd6 32. Qe3 Qxf6 33. Qe7 Qxe7 34.
Rxe7 Kg7 35. Rc7 Bd7 36. Kf2 Kf6 37. Ke3 Ke6 38. Ra7 Kd6 39. Bd3 Re8+ 40. Kf2
h5 41. Ra1 Be6 42. Re1 Bd7 43. Rxe8 Bxe8 44. Ke3 c5 45. b4 d4+ 46. cxd4 cxb4
47. f5 g5 48. Bc2 f6 49. Bd1 Bd7 50. Bxh5 Bxf5 51. Bd1 Be6 52. Ke4 f5+ 53. Kd3
Bd5 54. Bh5 Bxg2 55. Be8 Bc6 56. Bg6 Be4+ 57. Ke3 b3 58. g4 b2 0-1

[Event "NAYCC U16"]
[Site "Montreal CAN"]
[Date "2010.08.16"]
[Round "1"]
[White "Xiong, Jerry"]
[Black "Gladstone, Simon"]
[Result "1/2-1/2"]
[WhiteElo "2294"]
[BlackElo "1739"]
[PlyCount "97"]
[EventDate "2010.08.16"]
[EventType "swiss"]
[EventRounds "7"]
[EventCountry "CAN"]

1. e4 e6 2. d4 d5 3. exd5 exd5 4. Bd3 Bd6 5. Be3 Nc6 6. c3 Nge7 7. Qc2 Be6 8.
Nf3 Qd7 9. Nh4 O-O-O 10. b4 h6 11. b5 Nb8 12. Qa4 g5 13. Nf3 f5 14. Ne5 Qe8 15.
Qxa7 f4 16. Bd2 Bf5 17. Be2 Bxe5 18. dxe5 Ng6 19. Kd1 Qxe5 20. Re1 Qe4 21. Na3
Qxg2 22. Nc2 Bg4 23. Nd4 Ne5 24. Bxg4+ Nxg4 25. Nf5 Nxf2+ 26. Kc2 Ne4 27. Rad1
Rhe8 28. h4 Qh3 29. Nd4 Nf2 30. Nc6 bxc6 31. bxc6 Qd3+ 32. Kc1 Qa6 33. Qxf2
Nxc6 34. Kb1 Qb6+ 35. Qxb6 cxb6 36. Rg1 Rg8 37. Rde1 Kd7 38. Rg4 Rdf8 39. Kc2
Kd6 40. hxg5 hxg5 41. Reg1 Ne5 42. Bxf4 Ke6 43. Bxe5 Kxe5 44. Rxg5+ Rxg5 45.
Rxg5+ Kd6 46. Kb3 Kc5 47. Rg7 Rf4 48. Rg8 Rh4 49. Rc8+ 1/2-1/2

[Event "NAYCC U16"]
[Site "Montreal CAN"]
[Date "2010.08.16"]
[Round "2"]
[White "Fikiet, Alex"]
[Black "Chiang, Michael"]
[Result "1-0"]
[WhiteElo "2223"]
[BlackElo "2085"]
[PlyCount "67"]
[EventDate "2010.08.16"]
[EventType "swiss"]
[EventRounds "7"]
[EventCountry "CAN"]

1. d4 Nf6 2. c4 c5 3. d5 e6 4. Nc3 exd5 5. cxd5 d6 6. Nf3 g6 7. Qa4+ Bd7 8. Qb3
Qc7 9. Bf4 a6 10. a4 Bg7 11. h3 O-O 12. e3 Nh5 13. Bh2 f5 14. Be2 Nf6 15. Nd2
Rd8 16. O-O Be8 17. e4 Bh6 18. f4 fxe4 19. Ndxe4 Nbd7 20. f5 Nxe4 21. Nxe4 Nf8
22. Qc3 Bg7 23. f6 Bh8 24. Qg3 Nd7 25. Bg4 Ne5 26. Be6+ Bf7 27. Ng5 Rf8 28. Qh4
Bxe6 29. Nxe6 Qf7 30. Bxe5 dxe5 31. Ng5 Bxf6 32. Rxf6 Qd7 33. Raf1 Rxf6 34.
Rxf6 1-0

[Event "NAYCC U16"]
[Site "Montreal CAN"]
[Date "2010.08.16"]
[Round "2"]
[White "Finney, Stuart"]
[Black "Calugar, Arthur"]
[Result "0-1"]
[WhiteElo "2175"]
[BlackElo "2399"]
[PlyCount "112"]
[EventDate "2010.08.16"]
[EventType "swiss"]
[EventRounds "7"]
[EventCountry "CAN"]

1. e4 c5 2. Nf3 e6 3. d4 cxd4 4. Nxd4 Nc6 5. Nc3 Qc7 6. Be3 a6 7. Bd3 Nf6 8.
O-O Ne5 9. f4 Neg4 10. Bd2 Bc5 11. Nce2 e5 12. fxe5 Qxe5 13. Bf4 Bxd4+ 14. Kh1
Qc5 15. Nxd4 Qxd4 16. e5 Nf2+ 17. Rxf2 Qxf2 18. exf6 d5 19. fxg7 Rg8 20. Bg3
Qf6 21. Qe1+ Be6 22. Be5 Qh6 23. Qb4 f6 24. Qxb7 Rc8 25. Bg3 Rxg7 26. Qxa6 Kf7
27. Re1 Re8 28. Qd6 Qg5 29. Qf4 Qxf4 30. Bxf4 Bh3 31. Rxe8 Bxg2+ 32. Kg1 Bh3+
33. Kf2 Kxe8 34. Ke3 Kd7 35. a4 Kc6 36. b4 Bg2 37. a5 Be4 38. b5+ Kc5 39. b6
Bxd3 40. Kxd3 Kb5 41. Bc7 Ka6 42. Kd4 Rg2 43. c3 Rd2+ 44. Ke3 Ra2 45. Kd3 Kb7
46. Bd8 f5 47. Bc7 Ra4 48. Ke3 Re4+ 49. Kf3 Rc4 50. Be5 Ra4 51. Bd4 Rxa5 52.
Kf4 Ra2 53. h4 Rh2 54. Kg5 f4 55. Kxf4 Rxh4+ 56. Kf5 Rxd4 0-1

[Event "NAYCC U16"]
[Site "Montreal CAN"]
[Date "2010.08.16"]
[Round "2"]
[White "Gladstone, Simon"]
[Black "Sapozhnikov, Roman"]
[Result "0-1"]
[WhiteElo "1931"]
[BlackElo "2416"]
[PlyCount "84"]
[EventDate "2010.08.16"]
[EventType "swiss"]
[EventRounds "7"]
[EventCountry "CAN"]

1. e4 c5 2. Nf3 Nc6 3. d4 cxd4 4. Nxd4 Nf6 5. Nc3 d6 6. Bg5 e6 7. Qd2 a6 8.
O-O-O Bd7 9. f4 b5 10. a3 Qb6 11. Be2 b4 12. axb4 Qxb4 13. Nxc6 Bxc6 14. Qd4
Qxd4 15. Rxd4 e5 16. Rb4 Nd7 17. Nd5 Bxd5 18. exd5 Be7 19. Bxe7 Kxe7 20. fxe5
dxe5 21. Rd1 Kd6 22. Ra4 Nc5 23. Rg4 g6 24. b4 Na4 25. c4 Nc3 26. c5+ Kd7 27.
Rd2 f5 28. Rc4 Nb5 29. d6 Rhc8 30. Bf3 e4 31. Bxe4 fxe4 32. Rxe4 Kc6 33. Re7 a5
34. d7 Rd8 35. Re6+ Kc7 36. Rb6 Rab8 37. bxa5 Rxb6 38. cxb6+ Kc6 39. Rc2+ Kxd7
40. a6 Ra8 41. Rb2 Rc8+ 42. Kd2 Nd6 0-1

[Event "NAYCC U16"]
[Site "Montreal CAN"]
[Date "2010.08.16"]
[Round "2"]
[White "Hinson, Miles"]
[Black "Gusev, Nikita"]
[Result "0-1"]
[WhiteElo "2103"]
[BlackElo "2254"]
[PlyCount "50"]
[EventDate "2010.08.16"]
[EventType "swiss"]
[EventRounds "7"]
[EventCountry "CAN"]

1. e4 c5 2. Nf3 e6 3. d4 cxd4 4. Nxd4 Nc6 5. Nc3 d6 6. Be3 Nf6 7. Be2 Be7 8.
Qd2 a6 9. O-O-O Nxd4 10. Bxd4 b5 11. f3 h5 12. Qe3 Bd7 13. e5 Ng4 14. Qe4 d5
15. Qd3 Nh6 16. g4 b4 17. Nb1 Bb5 18. Qd2 hxg4 19. fxg4 Bg5 20. Be3 Bxe3 21.
Qxe3 Bxe2 22. Qxe2 Qg5+ 23. Nd2 Qxg4 24. Qxg4 Nxg4 25. Nf3 Nf2 0-1

[Event "NAYCC U16"]
[Site "Montreal CAN"]
[Date "2010.08.16"]
[Round "2"]
[White "Kleinman, Michael"]
[Black "Fisher, William"]
[Result "1-0"]
[WhiteElo "2299"]
[BlackElo "2165"]
[PlyCount "90"]
[EventDate "2010.08.16"]
[EventType "swiss"]
[EventRounds "7"]
[EventCountry "CAN"]

1. e4 d6 2. d4 Nf6 3. Nc3 g6 4. Be3 Bg7 5. Bd3 Nc6 6. h3 e5 7. Nf3 exd4 8. Nxd4
Bd7 9. Qd2 Nb4 10. Be2 Qe7 11. Bf3 O-O-O 12. O-O-O Kb8 13. Rhe1 h5 14. Bg5 Qe5
15. Bf4 Qxf4 16. Qxf4 Bh6 17. Qxh6 Rxh6 18. e5 dxe5 19. Rxe5 Rhh8 20. a3 Na6
21. Be2 c5 22. Nb3 Bc6 23. Bxa6 Rxd1+ 24. Nxd1 bxa6 25. Ne3 Nd7 26. Re7 Rf8 27.
Na5 Kc7 28. Nxc6 Kxc6 29. c4 Kd6 30. Nd5 a5 31. Re4 f5 32. Re2 Nb6 33. Nxb6
axb6 34. Kc2 g5 35. Kb3 g4 36. h4 Kd7 37. Ka4 Rf7 38. Kb5 Rf6 39. Re5 Kd8 40.
Re2 Rh6 41. Ka6 Kd7 42. Kb7 Rf6 43. Re3 Kd8 44. Re5 Kd7 45. Rd5+ Ke8 1-0

[Event "NAYCC U16"]
[Site "Montreal CAN"]
[Date "2010.08.16"]
[Round "2"]
[White "Leung, Chin"]
[Black "Xiong, Jerry"]
[Result "0-1"]
[WhiteElo "994"]
[BlackElo "2294"]
[PlyCount "84"]
[EventDate "2010.08.16"]
[EventType "swiss"]
[EventRounds "7"]
[EventCountry "CAN"]

1. e4 c5 2. Nf3 d6 3. d4 cxd4 4. Nxd4 Nf6 5. Nc3 g6 6. Be3 Bg7 7. Bb5+ Bd7 8.
Bxd7+ Nbxd7 9. Qd2 Ng4 10. h4 Nxe3 11. Qxe3 Ne5 12. f4 Nc4 13. Qe2 Rc8 14.
O-O-O Qb6 15. Nb3 Bxc3 16. bxc3 Qa6 17. Rd4 b5 18. Rxc4 bxc4 19. Nd4 e5 20. Nf3
Rd8 21. f5 Qxa2 22. Kd2 Qa6 23. fxg6 hxg6 24. Rf1 d5 25. Nxe5 dxe4+ 26. Ke3
Rxh4 27. Nxc4 Qc6 28. g4 f5 29. Kf4 Rxg4+ 30. Qxg4 fxg4 31. Ne3 Rd5 32. Kxe4
Rf5+ 33. Kd3 Rxf1 34. Nxf1 Qf3+ 35. Ne3 g3 36. Kd2 g2 37. Nxg2 Qxg2+ 38. Kd3 a5
39. c4 a4 40. Kc3 Kd7 41. Kb4 Qxc2 42. Ka3 Qb3# 0-1

[Event "NAYCC U16"]
[Site "Montreal CAN"]
[Date "2010.08.16"]
[Round "2"]
[White "Liu, Dan"]
[Black "Boni-Rowe, Nicolas"]
[Result "1/2-1/2"]
[WhiteElo "1638"]
[BlackElo "1511"]
[PlyCount "63"]
[EventDate "2010.08.16"]
[EventType "swiss"]
[EventRounds "7"]
[EventCountry "CAN"]

1. e4 c6 2. d4 d5 3. e5 Bf5 4. Nf3 e6 5. Be2 c5 6. c3 Nc6 7. Qb3 Qb6 8. Be3
cxd4 9. Bxd4 Bc5 10. Qxb6 axb6 11. Bxc5 bxc5 12. Nbd2 Nge7 13. Bb5 O-O 14. O-O
Rfd8 15. h3 d4 16. cxd4 Nxd4 17. Bc4 b5 18. Bb3 c4 19. Nxd4 Rxd4 20. Nf3 Rd5
21. Bd1 Nc6 22. Re1 Nd4 23. Nxd4 Rxd4 24. Bf3 Ra7 25. Red1 Rxd1+ 26. Rxd1 g5
27. a3 Rc7 28. Rc1 Rc5 29. Re1 c3 30. bxc3 Rxc3 31. Be2 Rxa3 32. Bxb5 1/2-1/2

[Event "NAYCC U16"]
[Site "Montreal CAN"]
[Date "2010.08.16"]
[Round "2"]
[White "Sarrazin-Gendron, Roman"]
[Black "Wu, Qiyou"]
[Result "1-0"]
[WhiteElo "1784"]
[BlackElo "1704"]
[PlyCount "123"]
[EventDate "2010.08.16"]
[EventType "swiss"]
[EventRounds "7"]
[EventCountry "CAN"]

1. Nf3 c5 2. g3 Nc6 3. Bg2 g6 4. O-O Bg7 5. c4 e5 6. Nc3 d6 7. e3 Nge7 8. d4
exd4 9. exd4 O-O 10. d5 Ne5 11. Nd2 Nd3 12. Nde4 Nxc1 13. Rxc1 a6 14. a4 f5 15.
Ng5 Rf6 16. Re1 Bh6 17. h4 Bxg5 18. hxg5 Rf7 19. f4 Bd7 20. Ra1 Qf8 21. Qb3 Rb8
22. Qb6 Nc8 23. Qc7 Na7 24. Qa5 Qd8 25. Qxd8+ Rxd8 26. a5 Rff8 27. Re3 Rfe8 28.
Rae1 Rxe3 29. Rxe3 Re8 30. Rxe8+ Bxe8 31. Bf3 Nc8 32. Be2 Kf7 33. Kf2 Ke7 34.
g4 Bd7 35. Nd1 b6 36. Ne3 bxa5 37. gxf5 gxf5 38. Bd3 Nb6 39. b3 a4 40. bxa4
Nxa4 41. Bxf5 Bxf5 42. Nxf5+ Kd7 43. Kg3 Nb6 44. Ne3 a5 45. Kg4 a4 46. Kh5 a3
47. Kh6 Nxc4 48. Nc2 Nb6 49. f5 Nxd5 50. Nxa3 Ke7 51. Kg7 Ne3 52. f6+ Ke6 53.
Nb5 Nf5+ 54. Kg8 Nh4 55. f7 Ng6 56. Kxh7 Kf5 57. Kh6 Nf8 58. Nxd6+ Ke6 59. Kg7
Nd7 60. f8=Q Nxf8 61. Kxf8 c4 62. g6 1-0

[Event "NAYCC U16"]
[Site "Montreal CAN"]
[Date "2010.08.16"]
[Round "2"]
[White "Zhou, Joseph"]
[Black "Li, Ruokai (David)"]
[Result "0-1"]
[WhiteElo "1398"]
[BlackElo "1597"]
[PlyCount "70"]
[EventDate "2010.08.16"]
[EventType "swiss"]
[EventRounds "7"]
[EventCountry "CAN"]

1. d4 f5 2. c4 Nf6 3. Nc3 g6 4. Nf3 Bg7 5. Bf4 d6 6. e3 O-O 7. Bd3 Nh5 8. Bg3
Nc6 9. O-O e5 10. dxe5 dxe5 11. e4 f4 12. Bh4 Ne7 13. Nd5 Nf6 14. Nxe5 Nfxd5
15. Nxg6 hxg6 16. exd5 Bf6 17. Bxf6 Rxf6 18. Be4 Nf5 19. Rc1 Nh4 20. g3 fxg3
21. hxg3 Nf5 22. Kg2 Nd6 23. Bd3 Bf5 24. Rh1 Qd7 25. Qc2 Raf8 26. Rcf1 Qf7 27.
Bxf5 Nxf5 28. Qe2 Nd6 29. Rh2 Re8 30. Rfh1 Qg7 31. Qg4 Ref8 32. Kg1 Nf5 33. Kg2
Nh6 34. Qh4 Rxf2+ 35. Kh3 Qd7+ 0-1

[Event "NAYCC U16"]
[Site "Montreal CAN"]
[Date "2010.08.17"]
[Round "3"]
[White "Boni-Rowe, Nicolas"]
[Black "Gladstone, Simon"]
[Result "0-1"]
[WhiteElo "1511"]
[BlackElo "1739"]
[PlyCount "56"]
[EventDate "2010.08.16"]
[EventType "swiss"]
[EventRounds "7"]
[EventCountry "CAN"]

1. e4 e6 2. d3 d5 3. Nd2 c5 4. g3 Bd6 5. Bg2 Ne7 6. Ngf3 Nbc6 7. O-O O-O 8. Re1
Qc7 9. Qe2 f6 10. Nf1 Bd7 11. h4 Be8 12. Bh3 Bf7 13. h5 Rae8 14. Nh4 dxe4 15.
dxe4 f5 16. h6 g6 17. f4 fxe4 18. Qxe4 Nf5 19. Nf3 Nxh6 20. g4 Re7 21. Ne5 Be8
22. f5 exf5 23. Qc4+ Nf7 24. Nxf7 Bxf7 25. Qc3 Rxe1 26. Qxe1 Nd4 27. Qf2 fxg4
28. Bxg4 Bc4 0-1

[Event "NAYCC U16"]
[Site "Montreal CAN"]
[Date "2010.08.17"]
[Round "3"]
[White "Calugar, Arthur"]
[Black "Gusev, Nikita"]
[Result "1/2-1/2"]
[WhiteElo "2399"]
[BlackElo "2254"]
[PlyCount "98"]
[EventDate "2010.08.16"]
[EventType "swiss"]
[EventRounds "7"]
[EventCountry "CAN"]

1. e4 c5 2. Nf3 e6 3. d4 cxd4 4. Nxd4 Nc6 5. Nc3 d6 6. Be3 Nf6 7. f3 Be7 8. g4
a6 9. g5 Nd7 10. Rg1 Nxd4 11. Qxd4 O-O 12. O-O-O Ne5 13. Be2 b5 14. h4 Qa5 15.
f4 b4 16. Nb1 Nc6 17. Qb6 Bd7 18. Qxa5 Nxa5 19. Bb6 Nb7 20. Nd2 Rfc8 21. Nb3
Ba4 22. Kb1 Nc5 23. Bxc5 Bxb3 24. axb3 Rxc5 25. Rd4 a5 26. Rc4 Rac8 27. Rd1 g6
28. c3 bxc3 29. bxc3 Rxc4 30. Bxc4 a4 31. Kc2 axb3+ 32. Bxb3 Rc5 33. Kd3 Kg7
34. Ra1 Rc7 35. Ra5 Rb7 36. Bc4 Bd8 37. Ra6 Bb6 38. Ra2 Bc5 39. Rh2 Rb1 40. h5
gxh5 41. Rxh5 Rf1 42. Rh4 Rf3+ 43. Ke2 Rxc3 44. Bd3 e5 45. f5 Ra3 46. Rh6 Ra2+
47. Kf3 Ra3 48. Ke2 Ra2+ 49. Kf3 Ra3 1/2-1/2

[Event "NAYCC U16"]
[Site "Montreal CAN"]
[Date "2010.08.17"]
[Round "3"]
[White "Cote-Lalumiere, Tristan"]
[Black "Hinson, Miles"]
[Result "0-1"]
[WhiteElo "1608"]
[BlackElo "2103"]
[PlyCount "64"]
[EventDate "2010.08.16"]
[EventType "swiss"]
[EventRounds "7"]
[EventCountry "CAN"]

1. e4 c5 2. Nf3 d6 3. d4 cxd4 4. Nxd4 Nf6 5. Nc3 g6 6. Be2 Bg7 7. Be3 Nc6 8.
O-O O-O 9. Kh1 Bd7 10. f4 a6 11. Bf3 Rc8 12. f5 Ne5 13. g4 Nc4 14. Qc1 Qb6 15.
g5 Nxe3 16. Qxe3 Qxb2 17. Nde2 Ne8 18. Rab1 Rxc3 19. Nxc3 Qxc3 20. Qxc3 Bxc3
21. Rxb7 Bc8 22. Rxe7 gxf5 23. exf5 Bxf5 24. Bb7 Be6 25. h4 Ng7 26. Be4 Bxa2
27. Rc7 Be5 28. Rc6 Nh5 29. Kg1 Ng3 30. Rf3 Nxe4 31. Ra3 Bd5 32. Rcxa6 Rb8 0-1

[Event "NAYCC U16"]
[Site "Montreal CAN"]
[Date "2010.08.17"]
[Round "3"]
[White "Fisher, William"]
[Black "Langlois-Remillard, Alexis"]
[Result "1-0"]
[WhiteElo "2165"]
[BlackElo "1090"]
[PlyCount "89"]
[EventDate "2010.08.16"]
[EventType "swiss"]
[EventRounds "7"]
[EventCountry "CAN"]

1. d4 d5 2. Nf3 Nf6 3. e3 e6 4. Nbd2 c5 5. c3 Nc6 6. Bd3 Bd6 7. O-O O-O 8. Re1
b6 9. h3 Bb7 10. dxc5 bxc5 11. e4 Nd7 12. exd5 exd5 13. Qc2 Nf6 14. Nf1 h6 15.
Ne3 Ne7 16. Nh4 Bc8 17. Nhf5 Nxf5 18. Nxf5 Bxf5 19. Bxf5 Re8 20. Be3 Bf8 21.
Red1 c4 22. Bd4 Be7 23. b3 Qd6 24. bxc4 dxc4 25. Bxa7 Qa6 26. Bd4 Red8 27. a4
Nd5 28. Bh7+ Kh8 29. Be4 Qe6 30. Qd2 Ra5 31. Re1 Bg5 32. Qb2 Rda8 33. Rad1 Nf4
34. Bxa8 Nxh3+ 35. gxh3 Qxh3 36. Bg2 Qg4 37. Re8+ Kh7 38. Qc2+ f5 39. f3 Qh5
40. Re5 Rxe5 41. Bxe5 Be3+ 42. Kf1 Qg5 43. Rd7 Kh8 44. Rxg7 Qxg7 45. Bxg7+ 1-0

[Event "NAYCC U16"]
[Site "Montreal CAN"]
[Date "2010.08.17"]
[Round "3"]
[White "Li, Ruokai (David)"]
[Black "Finney, Stuart"]
[Result "0-1"]
[WhiteElo "1597"]
[BlackElo "2175"]
[PlyCount "66"]
[EventDate "2010.08.16"]
[EventType "swiss"]
[EventRounds "7"]
[EventCountry "CAN"]

1. e4 c5 2. Nf3 d6 3. d4 cxd4 4. Nxd4 Nf6 5. Nc3 a6 6. Bg5 e6 7. f4 Qc7 8. Qf3
b5 9. O-O-O b4 10. Nce2 Nbd7 11. f5 e5 12. Nb3 Bb7 13. Ng3 a5 14. Bxf6 gxf6 15.
Bb5 a4 16. Bxd7+ Kxd7 17. Nd2 Rc8 18. Kb1 Qxc2+ 19. Ka1 Ke7 20. Nb1 Bh6 21.
Rhf1 Qc5 22. Ne2 Rc7 23. Nc1 Bxc1 24. Rxc1 Qxc1 25. Rxc1 Rxc1 26. Qe3 Rhc8 27.
a3 Kf8 28. axb4 Rd1 29. Ka2 Rcc1 30. Ka3 Rxb1 31. Kxa4 Rxb2 32. Qb6 Ra1+ 33.
Kb5 Rxb4+ 0-1

[Event "NAYCC U16"]
[Site "Montreal CAN"]
[Date "2010.08.17"]
[Round "3"]
[White "Liu, Dan"]
[Black "Leung, Chin"]
[Result "1-0"]
[WhiteElo "1638"]
[BlackElo "994"]
[PlyCount "141"]
[EventDate "2010.08.16"]
[EventType "swiss"]
[EventRounds "7"]
[EventCountry "CAN"]

1. e4 d5 2. exd5 Nf6 3. Bb5+ Bd7 4. Bc4 e6 5. dxe6 Bxe6 6. Bxe6 fxe6 7. d3 Bd6
8. Nf3 Nc6 9. Nc3 e5 10. Bg5 O-O 11. O-O Qd7 12. Re1 Rae8 13. Bh4 Nd4 14. Nxd4
exd4 15. Bxf6 Rxf6 16. Rxe8+ Qxe8 17. Ne4 Rg6 18. Nxd6 cxd6 19. Qf3 b6 20. g3
Rf6 21. Qd5+ Kh8 22. Qxd4 h6 23. Kf1 Qc6 24. Kg1 Qxc2 25. Re1 Rf8 26. Kg2 d5
27. Re7 Rf6 28. Re5 a5 29. Rxd5 Qc6 30. Qe4 Rf8 31. Re5 Qf6 32. Qe1 Kh7 33. Re3
Qxb2 34. Qe2 Qd4 35. Re7 Qd6 36. Qe4+ Kh8 37. Re8 Rxe8 38. Qxe8+ Kh7 39. Qe4+
Qg6 40. Qxg6+ Kxg6 41. Kf3 Kf5 42. d4 b5 43. Ke3 h5 44. f4 a4 45. Kd3 Ke6 46.
Kc3 Kd5 47. a3 Kc6 48. Kb4 g6 49. Ka5 h4 50. Kb4 h3 51. g4 Kd5 52. f5 g5 53.
Kxb5 Kd6 54. Kxa4 Ke7 55. Kb5 Kd6 56. a4 Kd5 57. a5 Ke4 58. a6 Kf3 59. a7 Kg2
60. a8=Q+ Kxh2 61. f6 Kg1 62. f7 h2 63. f8=Q h1=Q 64. Qxh1+ Kxh1 65. Qf3+ Kh2
66. Kc4 Kg1 67. Qe2 Kh1 68. Kd3 Kg1 69. Ke3 Kh1 70. Kf3 Kg1 71. Qg2# 1-0

[Event "NAYCC U16"]
[Site "Montreal CAN"]
[Date "2010.08.17"]
[Round "3"]
[White "Ng, Andrew"]
[Black "Kleinman, Michael"]
[Result "1/2-1/2"]
[WhiteElo "2200"]
[BlackElo "2206"]
[PlyCount "44"]
[EventDate "2010.08.16"]
[EventType "swiss"]
[EventRounds "7"]
[EventCountry "CAN"]

1. e4 c5 2. Nf3 d6 3. d4 cxd4 4. Nxd4 Nf6 5. Nc3 g6 6. Be3 Bg7 7. f3 Nc6 8. Qd2
O-O 9. g4 Be6 10. Nxe6 fxe6 11. O-O-O Ne5 12. Be2 b5 13. Nxb5 Qb8 14. Nd4 Rc8
15. c3 Kf7 16. g5 Ne8 17. f4 Nc4 18. Bxc4 Rxc4 19. Nxe6 Bxc3 20. bxc3 Qb4 21.
Kc2 Kxe6 22. Bd4 Nc7 1/2-1/2

[Event "NAYCC U16"]
[Site "Montreal CAN"]
[Date "2010.08.17"]
[Round "3"]
[White "Sapozhnikov, Roman"]
[Black "Sarrazin-Gendron, Roman"]
[Result "1-0"]
[WhiteElo "2416"]
[BlackElo "2018"]
[PlyCount "33"]
[EventDate "2010.08.16"]
[EventType "swiss"]
[EventRounds "7"]
[EventCountry "CAN"]

1. e4 d6 2. d4 Nf6 3. Nc3 g6 4. Be3 Bg7 5. Qd2 O-O 6. h3 e5 7. dxe5 dxe5 8. Nf3
Nc6 9. O-O-O Qxd2+ 10. Rxd2 a6 11. Bc4 Be6 12. Bd5 Bxd5 13. exd5 e4 14. dxc6
exf3 15. cxb7 fxg2 16. bxa8=Q gxh1=Q+ 17. Qxh1 1-0

[Event "NAYCC U16"]
[Site "Montreal CAN"]
[Date "2010.08.17"]
[Round "3"]
[White "Wu, Qiyou"]
[Black "Zhou, Joseph"]
[Result "1-0"]
[WhiteElo "1704"]
[BlackElo "1398"]
[PlyCount "69"]
[EventDate "2010.08.16"]
[EventType "swiss"]
[EventRounds "7"]
[EventCountry "CAN"]

1. e4 c5 2. Nf3 d6 3. Bb5+ Bd7 4. Bxd7+ Qxd7 5. c4 Nc6 6. d4 cxd4 7. Nxd4 Nf6
8. Nc3 g6 9. f3 h5 10. O-O Bg7 11. Be3 O-O 12. a4 Ne5 13. b3 a6 14. Qd2 Rac8
15. Bh6 Kh7 16. Bxg7 Kxg7 17. Kh1 Rh8 18. f4 Nc6 19. Rae1 h4 20. Nd5 Nxd5 21.
cxd5 Nd8 22. f5 Rh6 23. fxg6 Rxg6 24. Nf5+ Kf8 25. Qf2 e6 26. dxe6 Qxe6 27.
Qxh4 Rg8 28. Rd1 Qe5 29. Qh6+ Ke8 30. Nxd6+ Ke7 31. Nxc8+ Ke8 32. Nd6+ Ke7 33.
Qh4+ f6 34. Nf5+ Kf7 35. Qh7+ 1-0

[Event "NAYCC U16"]
[Site "Montreal CAN"]
[Date "2010.08.17"]
[Round "3"]
[White "Xiong, Jerry"]
[Black "Fikiet, Alex"]
[Result "1-0"]
[WhiteElo "2294"]
[BlackElo "2223"]
[PlyCount "85"]
[EventDate "2010.08.16"]
[EventType "swiss"]
[EventRounds "7"]
[EventCountry "CAN"]

1. e4 e5 2. Nf3 Nc6 3. Bc4 Bc5 4. O-O Nf6 5. d3 O-O 6. Nc3 h6 7. Be3 Bb6 8. Qd2
d6 9. Ne2 Be6 10. Bxb6 axb6 11. Ng3 Kh7 12. Rfe1 Bxc4 13. dxc4 g6 14. c3 Qc8
15. b3 Nd8 16. h3 Ne6 17. Qe3 Nf4 18. a4 Qe6 19. Kh2 N6h5 20. Ng1 Nxg3 21. fxg3
Nh5 22. g4 Ng7 23. Nf3 f6 24. Rad1 Qe8 25. Rf1 Ne6 26. Ne1 Nc5 27. b4 Ne6 28.
Nd3 Rxa4 29. Ra1 Qa8 30. Rxa4 Qxa4 31. Qd2 Qc6 32. Qa2 Ng5 33. Nf2 Nxe4 34. b5
Nxc3 35. Qb3 Nxb5 36. cxb5 Qd7 37. Rc1 d5 38. Nd3 d4 39. Nb4 Rd8 40. Qc4 d3 41.
Nxd3 Qxd3 42. Qf7+ Kh8 43. Rxc7 1-0